000 00776nam a22001937a 4500
999 _c370964
_d370964
008 201130b ||||| |||| 00| 0 eng d
040 _bger
_cSTAFF
_erda
_aSTAFF
100 _aWeber-Rath, Ines
245 _aNeuer Chef der Kinderklinik.
_bJugendmedizin: Dr. Malte Cremer ist von der Berliner Charité ans Klinikum Frankfurt (Oder) gekommen. Der erfahrene Kinderarzt hat einiges vor./
_cInes Weber-Rath
653 _aFrankfurt (Oder)
653 _aKinder- und Jugendklinik
653 _aChefarzt
653 _aNeonatologie
773 _dFrankfurt (Oder): Märkisches Verlags- und Druckhaus GmbH & Co KG
_g32. Jahrgang (2021) Nr. 240 vom 14.10.2021, S. 16
_tMärkische Oderzeitung
942 _cA